| 000 | 01105nam a22003377a 4500 | ||
|---|---|---|---|
| 001 | 0051416 | ||
| 003 | KOHA_MİRAKIL | ||
| 005 | 20260207003805.0 | ||
| 007 | ta | ||
| 008 | 150629b2012 tu |||gr||||#||||0|tur | | ||
| 020 | _a9786051333052 | ||
| 040 |
_aTR-BiSEU _btur _cTR-BiSEU _erda |
||
| 041 | 0 | _atur | |
| 044 | _ctu | ||
| 050 |
_aQA184.5 _b.S23 2012 |
||
| 100 | 1 | _aSabuncuoğlu, Arif. | |
| 245 | 1 |
_aMühendislik ve istatistik bölümleri için çözümlü lineer cebir alıştırmaları/ _cArif Sabuncuoğlu ; Arif Sabuncuoğlu. |
|
| 264 | 1 |
_aAnkara : _bNobel _c2012 |
|
| 300 | _aVI, 306 sayfa; 25 cm. | ||
| 336 |
_ametin _btxt _2rdacontent |
||
| 337 |
_aaracısız _bn _2rdamedia |
||
| 338 |
_acilt _bnc _2rdacarrier |
||
| 490 | 1 |
_aYayın No ; _v403. |
|
| 490 | 1 |
_aMatematik - İstatistik No ; _v403. |
|
| 500 | _aKaynakça var. | ||
| 650 | 0 |
_aCebir, Doğrusal--Problemler, alıştırmalar vb. _92757 |
|
| 650 | 0 |
_aAlgebras, Linear --Problems, exercises, etc. _995621 |
|
| 830 | 1 |
_aYayın No ; _v403. _91861 |
|
| 830 | 1 |
_aMatematik - İstatistik No ; _v403. _981379 |
|
| 942 |
_2lcc _cBK |
||
| 999 |
_c51240 _d51240 |
||